00673nam a2200241 a 4500001001300000003000900013005001700022008004100039020001000080082001400090100002000104245002100124260004100145300000900186500003500195505001700230650001300247700002000260902000800280942000700288952011900295999001700414nice12345678IN_TiNIC20260116015341.0100208s1960 bana grp 000 0 eng  ac10000a230bHAR1 aHaring, Bernard aThe Law of Crist aBangalore bTheological Pubs. c1960 a615p aincludes index and biblioraphy2 aNotes, Index aTheology1 aHaring, Bernard bSRS cBK 001040708REFaHMIbHMIcREFd2010-02-08g100.00l1o230 HAR1p11001748r2017-12-08s2017-11-27w2026-01-16yBK c19340d19340